NBA Teams that have won the NBA Championship - Sudden Death - Statistics

General Stats
  • This quiz has been taken 992 times
  • The average score is 14 of 20
Answers on the Grid
Answers color-coded by a green-red scale on the quiz's grid according to % correct below.
Atlanta Hawks
Boston Celtics
Brooklyn Nets
Charlotte Hornets
Chicago Bulls
Cleveland Cavaliers
Dallas Mavericks
Denver Nuggets
Detroit Pistons
Golden State Warriors
Houston Rockets
Indiana Pacers
Los Angeles Clippers
Los Angeles Lakers
Memphis Grizzlies
Miami Heat
Milwaukee Bucks
Minnesota Timberwolves
New Orleans Pelicans
New York Knicks
Oklahoma City Thunder
Orlando Magic
Philadelphia 76ers
Phoenix Suns
Portland Trail Blazers
Sacramento Kings
San Antonio Spurs
Toronto Raptors
Utah Jazz
Washington Wizards
 
Answer Stats
Answer % Correct
Boston Celtics
93%
Chicago Bulls
86%
Cleveland Cavaliers
84%
Denver Nuggets
84%
Golden State Warriors
84%
Los Angeles Lakers
82%
Dallas Mavericks
81%
Milwaukee Bucks
79%
Miami Heat
78%
Detroit Pistons
77%
Houston Rockets
73%
San Antonio Spurs
71%
New York Knicks
70%
Toronto Raptors
67%
Philadelphia 76ers
63%
Atlanta Hawks
59%
Oklahoma City Thunder
58%
Portland Trail Blazers
52%
Washington Wizards
41%
Sacramento Kings
39%
No matching quizzes found
Score Distribution
Percent of People with Each Score
Percentile by Number Answered
Your Score History
You have not taken this quiz